| 000 | 00902nam0a22002891 4500 | ||
|---|---|---|---|
| 001 | rc\2117151 | ||
| 005 | 20250623015040.0 | ||
| 035 | _a(NLR Aleph) 006517252 | ||
| 090 |
_a6392058 _c6392058 |
||
| 100 | _a20110826d1979 |||y0rusy50 ca | ||
| 101 | 0 | _arus | |
| 102 | _aRU | ||
| 105 | _ay z ||||| | ||
| 200 | 1 |
_aБлагодарю судьбу _fТатьяна Азовская |
|
| 210 |
_aАлма-Ата _cЖалын _d1979 |
||
| 215 |
_a31 с. _d16 |
||
| 225 | 1 |
_aПервая книга поэта _v[2] |
|
| 309 | _aВлож. с 5-ю др. кн. в обертку с загл. сер. | ||
| 686 |
_aШ5(2-Р)75-65я44 _2rubbk |
||
| 700 | 1 |
_aАзовская _bТ.Н. _gТатьяна Николаевна |
|
| 801 | 0 |
_aRU _bNLR _gpsbo |
|
| 801 | 1 |
_aRU _bELAR _2rusmarc |
|
| 852 |
_aNLR _j80-2/1188 |
||
| 899 |
_aRuMoRGB _jB 80-13/230 |
||
| 899 |
_aRuMoRGB _jB 80-13/232 |
||
| 942 | _cBOOK | ||
| 980 | _aNB | ||